Studia linguistica Universitatis Iagellonicae Cracoviensis
| Título anterior: | Zeszyty naukowe Uniwersytetu Jagiellońskiego. Prace językoznawcze |
|---|---|
| Autor Corporativo: | |
| Formato: | Electrónico Seriadas |
| Lenguaje: | polaco inglés francés alemán ruso |
| Publicado: |
Kraków :
Wydawnictwo Uniwersytetu Jagiellońskiego
|
| Materias: | |
| Acceso en línea: | Full text available from Research Library: 01/01/2011 to present |
MARC
| LEADER | 00000nas a2200000 a 4500 | ||
|---|---|---|---|
| 001 | ssj0000392728 | ||
| 003 | WaSeSS | ||
| 005 | 20200512172242.0 | ||
| 006 | m d | ||
| 007 | cr n | ||
| 008 | 081016c20069999pl ar s | 0pol d | ||
| 010 | |a 2009214513 | ||
| 016 | 7 | |a 988453827 |2 DE-101 | |
| 016 | 7 | |a 2423511-8 |2 DE-600 | |
| 016 | 7 | |a 013732710 |2 Uk | |
| 016 | 7 | |a 015591844 |2 Uk | |
| 022 | |a 2083-4624 |l 1897-1059 |y 1897-1059 | ||
| 035 | |a (WaSeSS)ssj0000392728 | ||
| 040 | |a CUY |b eng |c CUY |d ZCU |d DLC |d WAU |d OCLCQ |d HEBIS |d GEBAY |d GBVCP |d DEBBG |d GWDNB |d UKMGB |d OCLCQ |d OCLCF |d WAU |d OCLCO |d OCLCQ |d GZM |d WaSeSS | ||
| 041 | 0 | |a pol |a eng |a fre |a ger |a rus | |
| 042 | |a lccopycat | ||
| 050 | 0 | 0 | |a PG6014 |b .K732 |
| 084 | |a 050 |2 sdnb | ||
| 084 | |a 400 |2 sdnb | ||
| 084 | |a 400 |2 zdbs | ||
| 084 | |a 7,11 |2 ssgn | ||
| 210 | 1 | |a Stud. Linguist. Univ. Iagell. Crac. | |
| 222 | 0 | |a Studia Linguistica Universitatis Iagellonicae Cracoviensis | |
| 245 | 0 | 0 | |a Studia linguistica Universitatis Iagellonicae Cracoviensis |h [electronic resource]. |
| 260 | |a Kraków : |b Wydawnictwo Uniwersytetu Jagiellońskiego | ||
| 310 | |a Annual | ||
| 362 | 1 | |a Began with: 123 (2006). | |
| 506 | |a License restrictions may limit access. | ||
| 525 | |a Some issues accompanied by CD-ROM. | ||
| 546 | |a Polish, with some English, French, German and Russian. | ||
| 588 | |a Description based on: 123 (2006); title from title page. | ||
| 588 | |a Latest issue consulted: 129 (2012). | ||
| 650 | 0 | |a Polish language |v Periodicals. | |
| 650 | 0 | |a Language and languages |v Periodicals. | |
| 650 | 7 | |a Language and languages. |2 fast |0 (OCoLC)fst00992154 | |
| 650 | 7 | |a Polish language. |2 fast |0 (OCoLC)fst01068925 | |
| 650 | 0 | 7 | |a Linguistik. |0 (DE-588)4074250-7 |2 gnd |
| 650 | 0 | 7 | |a Linguistik. |2 swd |
| 650 | 7 | |a Językoznawstwo |v czasopisma. |2 jhpk | |
| 655 | 0 | |a Electronic journals. | |
| 710 | 2 | |a Uniwersytet Jagielloński. | |
| 780 | 0 | 0 | |t Zeszyty naukowe Uniwersytetu Jagiellońskiego. Prace językoznawcze |x 0083-4378 |w (DLC) 62039536 |w (OCoLC)2263297 |
| 850 | |a DLC | ||
| 856 | 4 | 0 | |z Full text available from Research Library: 01/01/2011 to present |u https://search.proquest.com/publication/1316348 |